| Tag |
First Indicator |
Second Indicator |
Subfields |
| LEADER |
00000cam a2200000 a 4500 |
| 001 |
in00005705708 |
| 005 |
20260318180422.7 |
| 006 |
m o d |
| 007 |
cr un||||a|a|| |
| 008 |
100723s1987 enka ob 001 0 eng d |
| 010 |
|
|
|z 87011160
|
| 040 |
|
|
|a OCLCE
|b eng
|e pn
|c OCLCE
|d OCLCQ
|d MYG
|d OTZ
|d OCLCQ
|d OCLCF
|d YDXCP
|d OCLCQ
|d STBDS
|d AU@
|d OCLCQ
|d OCLCO
|d AUD
|d OCLCQ
|d OCLCA
|d EZ9
|d LVT
|d OCLCQ
|d OCLCO
|d MVS
|d OCLCO
|d KAT
|d OCLCQ
|d OCL
|d INARC
|d OCLCQ
|d OCLCO
|d OCLCL
|
| 015 |
|
|
|a GB8727566
|2 bnb
|
| 015 |
|
|
|a GB9155126
|2 bnb
|
| 015 |
|
|
|a b8727566
|
| 016 |
7 |
|
|a 8703299
|2 DNLM
|
| 019 |
|
|
|a 574825880
|a 967255788
|a 1034557731
|a 1034665033
|a 1058833984
|a 1064229069
|a 1086451620
|a 1198078165
|a 1200102520
|a 1229500192
|a 1392324926
|
| 020 |
|
|
|a 9780191688478
|
| 020 |
|
|
|a 0191688479
|
| 020 |
|
|
|z 0198521693
|
| 020 |
|
|
|z 9780198521693
|
| 020 |
|
|
|z 0198521944
|q (pbk.)
|
| 020 |
|
|
|z 9780198521945
|q (pbk.)
|
| 035 |
|
|
|a (OCoLC)650000548
|z (OCoLC)574825880
|z (OCoLC)967255788
|z (OCoLC)1034557731
|z (OCoLC)1034665033
|z (OCoLC)1058833984
|z (OCoLC)1064229069
|z (OCoLC)1086451620
|z (OCoLC)1198078165
|z (OCoLC)1200102520
|z (OCoLC)1229500192
|z (OCoLC)1392324926
|
| 042 |
|
|
|a dlr
|
| 050 |
|
4 |
|a BF637.M4
|b P78 1987
|
| 050 |
|
4 |
|a BL627
|
| 060 |
|
4 |
|a BF 637.M4
|b P974 1987
|
| 080 |
0 |
|
|a 159.964.5
|
| 082 |
0 |
4 |
|a 158/.12
|2 19
|
| 083 |
0 |
|
|a Meditation. Psychological aspects
|
| 084 |
|
|
|a CU 8000
|2 rvk
|
| 084 |
|
|
|a CU 8580
|2 rvk
|
| 049 |
|
|
|a TXAM
|
| 245 |
0 |
4 |
|a The Psychology of meditation /
|c edited by Michael A. West.
|
| 260 |
|
|
|a Oxford :
|b Clarendon Press ;
|a New York :
|b Oxford University Press,
|c 1987.
|
| 300 |
|
|
|a 1 online resource (xiv, 252 pages) :
|b illustrations
|
| 336 |
|
|
|a text
|b txt
|2 rdacontent
|
| 337 |
|
|
|a computer
|b c
|2 rdamedia
|
| 338 |
|
|
|a online resource
|b cr
|2 rdacarrier
|
| 490 |
1 |
|
|a Oxford science publications
|
| 504 |
|
|
|a Includes bibliographical references (pages 211-238).
|
| 520 |
8 |
|
|a Meditation is a daily practice for many people, and used by clinical psychologists, counsellors, and therapists to heal themselves and their clients. This book provides a psychological appraisal of meditation, summarizing 15 years of sustained psychological research in the area, and signposting new research and theoretical directions.
|
| 588 |
0 |
|
|a Print version record.
|
| 538 |
|
|
|a Master and use copy. Digital master created according to Benchmark for Faithful Digital Reproductions of Monographs and Serials, Version 1. Digital Library Federation, December 2002.
|u http://purl.oclc.org/DLF/benchrepro0212
|5 MiAaHDL
|
| 583 |
1 |
|
|a digitized
|c 2010
|h HathiTrust Digital Library
|l committed to preserve
|2 pda
|5 MiAaHDL
|
| 505 |
0 |
|
|a Pt . 1. Meditation, Western and Eastern perspectives : Introduction to part 1. Traditional and psychological perspectives on meditation / Michael A. West -- Meditation in Buddhist psychology / Guy Claxton -- Meditation : contemporary theoretical approaches / Michael M. Delmonte -- pt. 2. Research perspectives : Introduction to part 2. The phenomenology of meditation / Ronald J. Pekala -- The influence of meditation versus rest on physiological arousal : a second examination / David S. Holmes -- Mditation and the EEG / Peter Fenwick -- Personality and meditation / Michael M. Delmonte -- pt. 3. Meditation as therapy : Introduction to part 3. Meditation as psychotherapy : a new look at the evidence / Jonathan C. Smith -- Managing meditation in clinical practice / Patricia Carrington -- Implications of psychotherapy research for the study of meditation / David A. Shapiro -- Conclusions : Introduction to part 4. Meditation : magic, myth, and mystery / Michael A. West.
|
| 650 |
|
0 |
|a Meditation.
|
| 650 |
|
0 |
|a Meditation
|x Psychological aspects.
|
| 650 |
|
0 |
|a Psychotherapy.
|
| 650 |
|
0 |
|a Thought and thinking.
|
| 650 |
|
2 |
|a Psychotherapy
|
| 650 |
|
2 |
|a Relaxation Therapy
|
| 650 |
|
2 |
|a Thinking
|
| 650 |
|
6 |
|a Méditation.
|
| 650 |
|
6 |
|a Psychothérapie.
|
| 650 |
|
6 |
|a Pensée.
|
| 650 |
|
6 |
|a Méditation
|x Aspect psychologique.
|
| 650 |
|
7 |
|a thinking.
|2 aat
|
| 650 |
|
7 |
|a Thought and thinking
|2 fast
|
| 650 |
|
7 |
|a Psychotherapy
|2 fast
|
| 650 |
|
7 |
|a Meditation
|x Psychological aspects
|2 fast
|
| 650 |
|
7 |
|a Meditation
|2 fast
|
| 650 |
|
7 |
|a Relaxation.
|2 fmesh
|
| 650 |
|
7 |
|a Meditation
|2 gnd
|
| 650 |
|
7 |
|a Psychologie
|2 gnd
|
| 650 |
|
7 |
|a Aufsatzsammlung
|2 gnd
|
| 650 |
|
7 |
|a Psychotherapie
|2 gnd
|
| 653 |
|
|
|a Meditation
|
| 655 |
|
7 |
|a Electronic books.
|2 local
|
| 655 |
|
4 |
|a Aufsatzsammlung.
|
| 700 |
1 |
|
|a West, Michael A.,
|d 1951-
|1 https://id.oclc.org/worldcat/entity/E39PBJwHfJGfDrx4q4MMr3jwG3
|
| 758 |
|
|
|i has work:
|a The psychology of meditation (Text)
|1 https://id.oclc.org/worldcat/entity/E39PCH77tyDj89mDpqKtxyq6Vd
|4 https://id.oclc.org/worldcat/ontology/hasWork
|
| 776 |
0 |
8 |
|i Print version:
|t Psychology of meditation.
|d Oxford : Clarendon Press ; New York : Oxford University Press, 1987
|w (DLC) 87011160
|w (OCoLC)15590281
|
| 830 |
|
0 |
|a Oxford science publications.
|
| 856 |
4 |
0 |
|u http://proxy.library.tamu.edu/login?url=https://academic.oup.com/book/27521
|z Connect to the full text of this electronic book
|t 0
|
| 955 |
|
|
|a Oxford Scholarship Online
|
| 994 |
|
|
|a 92
|b TXA
|
| 999 |
f |
f |
|i 510df973-a938-4bd0-bf24-8c2b99590aab
|s 64d60d0a-4438-4645-8779-7b89aa2fb9b9
|t 0
|
| 952 |
f |
f |
|a Texas A&M University
|b College Station
|c Electronic Resources
|s www_evans
|d Available Online
|t 0
|e BF637.M4 P78 1987
|h Library of Congress classification
|
| 998 |
f |
f |
|a BF637.M4 P78 1987
|t 0
|l Available Online
|